| 000 | 01593nam a2200241 a 4500 | ||
|---|---|---|---|
| 999 |
_c355496 _d355496 |
||
| 001 | ASIN3838352998 | ||
| 003 | Nust- CAS-E | ||
| 005 | 20180124120503.0 | ||
| 008 | 140829s2010 xxu eng d | ||
| 020 |
_a3838352998 _c$65.00 |
||
| 020 | _a9783838352992 | ||
| 040 | _c0 | ||
| 082 |
_a621.45 _bMUG 2010 |
||
| 100 | 1 |
_aMughal, Umair. _99666 |
|
| 245 | 1 | 0 |
_aWind energy potential in pakistan and basic design of wind turbine : _bfeasibility of wind turbine in coastal regions of pakistan and overview of wind turbine designing / _cUmair Mughal, Ghufran Ahmed Bala, Danish Khan. |
| 260 |
_a[S.l.] : _bLAP Lambert Academic Publishing, _c2010. |
||
| 300 |
_a100 p. ; _c22 cm. |
||
| 520 | _aThe aim is to work in energy sector particularly in renewable and sustainable energy sector. In a country with a great wind corridor, wind energy is the best renewable source. The project is about Feasibility Study of Wind Turbine and its Design Suitable for the coastal region of Pakistan including wind data, best potential sites, available resources & economical Analysis. The project can give an idea about procedure to be followed for an Investor interested in Wind Harvesting in Pakistan. It also includes the application and designing of a system with suitable size and capacity according to the conditions available in Pakistan. It includes the problem definition and analysis stage followed by designing stage. | ||
| 700 | 1 |
_aBala, Ghufran Ahmed. _99667 |
|
| 700 | 1 |
_aKhan, Danish. _99668 |
|
| 856 | 4 | 0 |
_3Amazon.com _uhttp://www.amazon.com/exec/obidos/ASIN/3838352998/chopaconline-20 |
| 942 |
_2ddc _cBK |
||